| 000 | 00460nam a22001097a 4500 | ||
|---|---|---|---|
| 999 |
_c532767 _d532767 |
||
| 008 | 260311b ||||| |||| 00| 0 eng d | ||
| 100 |
_aBaksi, Arup Kumar and Sanyal, Subhashree _959739 |
||
| 245 | _aImpact of entrepreneurial skill and competency on business performance: a quantitative study on farm tourism in Birbhum District in West Bengal | ||
| 260 | _aMadhya Pradesh Journal of Social Sciences | ||
| 300 | _a29(1), Jun, 2024: p.145-159 | ||
| 942 | _cAR | ||